The human sciences after the decade of the brain /

This book brings together new works that address today's key challenges for a mutual interaction between cognitive neuroscience and the social sciences and humanities. It addresses the methodological and conceptual problems of choosing a neuroscience approach to disciplines such as philosophy,...

Full description

Bibliographic Details
Corporate Author: ScienceDirect (Online service)
Other Authors: Leefmann, Jon (Editor), Hildt, Elisabeth (Editor)
Format: eBook
Language:English
Published: London : Academic Press, 2017.
Subjects:
Online Access:Connect to the full text of this electronic book

MARC

Tag First Indicator Second Indicator Subfields
LEADER 00000cam a2200000 a 4500
001 in00005761663
005 20260327151631.0
006 m o d
007 cr |n|||||||||
008 170217s2017 enk ob 001 0 eng d
040 |a IDEBK  |b eng  |e pn  |c IDEBK  |d YDX  |d N$T  |d OPELS  |d QGK  |d N$T  |d MERUC  |d OCLCF  |d IUL  |d UPM  |d MERER  |d OCLCQ  |d IDEBK  |d CASUM  |d OCLCO  |d OTZ  |d OCLCQ  |d GGVRL  |d D6H  |d DKU  |d U3W  |d OCLCQ  |d WYU  |d OCLCO  |d OCLCA  |d TKN  |d OCLCQ  |d OCLCO  |d AU@  |d OCLCO  |d LQU  |d OCLCA  |d OCLCQ  |d OCLCA  |d VLY  |d LVT  |d VT2  |d OCLCQ  |d OCLCO  |d KSU  |d OCLCQ  |d OCLCO  |d OCLCL  |d SXB  |d UKKRT  |d OCLCQ  |d OCLCO  |d OCLCA  |d OCLCQ  |d OCLCL 
016 7 |a 101706955  |2 DNLM 
019 |a 972568116  |a 972734325  |a 972824609  |a 972968089  |a 973145806  |a 973303680  |a 973382646  |a 973529945  |a 973758174  |a 1066690698  |a 1105190102  |a 1105573119  |a 1162074109  |a 1229526607  |a 1235835086  |a 1259586013  |a 1300565558 
020 |a 0128042605  |q (electronic bk.) 
020 |a 9780128042601  |q (electronic bk.) 
020 |z 0128042052 
020 |z 9780128042052 
035 |a (OCoLC)973005713  |z (OCoLC)972568116  |z (OCoLC)972734325  |z (OCoLC)972824609  |z (OCoLC)972968089  |z (OCoLC)973145806  |z (OCoLC)973303680  |z (OCoLC)973382646  |z (OCoLC)973529945  |z (OCoLC)973758174  |z (OCoLC)1066690698  |z (OCoLC)1105190102  |z (OCoLC)1105573119  |z (OCoLC)1162074109  |z (OCoLC)1229526607  |z (OCoLC)1235835086  |z (OCoLC)1259586013  |z (OCoLC)1300565558 
037 |a 992473  |b MIL 
043 |a fc-----  |a f-sj--- 
050 4 |a QP360.5 
060 4 |a WL 103.4  |b H918 2017 
060 4 |a 2017 E-020 
072 7 |a PSY  |x 051000  |2 bisacsh 
082 0 4 |a 612.8/233  |2 23 
049 |a TXAM 
245 0 4 |a The human sciences after the decade of the brain /  |c edited by Jon Leefmann, Elisabeth Hildt. 
264 1 |a London :  |b Academic Press,  |c 2017. 
300 |a 1 online resource (xix, 300 pages) 
336 |a text  |b txt  |2 rdacontent 
337 |a computer  |b c  |2 rdamedia 
338 |a online resource  |b cr  |2 rdacarrier 
504 |a Includes bibliographical references and indexes. 
588 0 |a Print version record. 
505 0 |a Introduction -- I. Prospects and limitations of neuroscience research in the humanities and social sciences. Neurophilosophy or philosophy of neuroscience? : what neuroscience and philosophy can and cannot do for each other / Michael Jungert -- Philosophical puzzles evade empirical evidence : some thoughts and clarifications regarding the relation between brain sciences and philosophy of mind / Işik Sarihan -- "Who's afraid of the big bad neuroscience?" : neuroscience's impact on our notions of self and free will / Rui Vieira da Cunha and João Bettencourt Relvas -- Free will -- between philosophy and neuroscience / Anna Drozdzewska -- Histories of the brain : toward a critical interaction of the humanities and neurosciences / Mattia Della Rocca -- II. The neurosciences of social sciences and ethics. The theory of brain-sign : a new model of brain operation / Philip Clapson -- On the redundancies of "social agency" / Alexandros Tillas -- Two kinds of reverse inference in Cognitive neuroscience / Guillermo del Pinal and Marco J. Nathan -- The neuroscience of ethics beyond the is-ought orthodoxy : the example of the dual process theory of moral judgment / Nadia El Eter -- III. The neurosciences in society : social, cultural, and ethical implications of the neuro-turn. Effects of the neuro-turn : the neural network as a paradigm for human self-understanding / Yvonne Förster -- Brain, art, salvation : on the traditional character of the neuro-hype / Gerd Grübler -- "A mind plague on both your houses" : imagining the impact of the neuro-turn on the neurosciences / Melissa M. Littlefield -- Being a good external frontal lobe : parenting teenage brains / Ties van de Werff -- Toward neuroscience literacy? : theoretical and practical considerations / Alexander Bergmann, Anne Biehl and Jörg Zabel -- "Strangers" in neuroscientific research / Berit Bringedal, Markus Christen, Nikola Biller-Andorno, Hironori Matsuzaki and Alberto Rábano -- At the push of a button, narrative strategies and the image of deep brain stimulation / Oonagh Hayes. 
520 |a This book brings together new works that address today's key challenges for a mutual interaction between cognitive neuroscience and the social sciences and humanities. It addresses the methodological and conceptual problems of choosing a neuroscience approach to disciplines such as philosophy, history, ethics and education and examines a range of epistemological, historical, and sociological questions about the "neuro-turn" in the new millennium 
650 0 |a Cognitive neuroscience. 
650 0 |a Human beings. 
650 0 2 |a Humans 
650 1 2 |a Cognitive Neuroscience 
650 6 |a Neurosciences cognitives. 
650 6 |a Êtres humains. 
650 7 |a Homo sapiens (species)  |2 aat 
650 7 |a 77.50 psychophysiology.  |2 bcl 
650 7 |a PSYCHOLOGY  |x Cognitive Neuroscience & Cognitive Neuropsychology.  |2 bisacsh 
650 7 |a Cognitive neuroscience  |2 fast 
650 7 |a Neurobiologie  |2 gnd 
650 7 |a Neuropsychologie  |2 gnd 
650 7 |a Kognitive Psychologie  |2 gnd 
650 7 |a Kognitiver Prozess  |2 gnd 
650 7 |a Interdisziplinäre Forschung  |2 gnd 
655 7 |a Electronic books.  |2 local 
655 4 |a Internet Resources. 
700 1 |a Leefmann, Jon,  |e editor. 
700 1 |a Hildt, Elisabeth,  |e editor.  |1 https://id.oclc.org/worldcat/entity/E39PBJqQtjwDbgxq9bTKmvF9Xd 
710 2 |a ScienceDirect (Online service) 
758 |i has work:  |a The human sciences after the decade of the brain (Text)  |1 https://id.oclc.org/worldcat/entity/E39PCGYryDprhDpTHgRvyt8YKd  |4 https://id.oclc.org/worldcat/ontology/hasWork 
776 0 8 |i Print version:  |t Human sciences after the decade of the brain.  |d London : Academic Press, 2017  |z 0128042052  |z 9780128042052  |w (OCoLC)959885623 
856 4 0 |u http://proxy.library.tamu.edu/login?url=https://www.sciencedirect.com/science/book/9780128042052  |z Connect to the full text of this electronic book  |t 0 
955 |a Elsevier ScienceDirect 2026-2027 
994 |a 92  |b TXA 
999 f f |i cda489b7-968e-4d4e-9314-496ca54b9e80  |s 1a9b74b7-87a0-4d46-ad81-1f71386e2130  |t 0 
952 f f |a Texas A&M University  |b College Station  |c Electronic Resources  |s www_evans  |d Available Online  |t 0  |e QP360.5   |h Library of Congress classification 
998 f f |a QP360.5   |t 0  |l Available Online